000 00739cab a2200217 4500
001 WB2922-67
008 090401t1993 xxu||||| |||| 00| 0 eng d
035 _a(Sirsi) u48599
041 _aeng
245 _aTrust for sale
260 _c1993
350 _a0
490 _aEstates Gazette Case Summaries
_v1993 EGCS 104 (5/6/93)
520 _a"Ivin v Blake", CA 25 May 1993, which discusses whether a person had a beneficial interest in a property after their death if they had been making the mortgage payments but had not owned the property.
650 _aBENEFICIAL INTEREST
650 _aMORTGAGE PAYMENTS
650 _aPROPERTY PURCHASE
690 _aPROPERTY LAW AND PRACTICE-CASE LAW
942 _n0
948 _c04/03/1997
999 _c30528
_d30528